[Event "FIN-chT2 Gp4 1819"]
[Site "Finland"]
[Date "2018.09.15"]
[Round "2.3"]
[White "Nisula, Timo"]
[Black "Piirto, Tomi"]
[Result "1/2-1/2"]
[WhiteElo "1883"]
[BlackElo "1795"]
[PlyCount "50"]
[EventDate "2018.09.15"]
[EventType "team-tourn"]
[EventRounds "6"]
[EventCountry "FIN"]
[SourceTitle "EXT 2020"]
[Source "ChessBase"]
[SourceDate "2019.10.17"]
[SourceVersion "1"]
[SourceVersionDate "2019.10.17"]
[SourceQuality "1"]
[WhiteTeam "Oulu OSS II"]
[BlackTeam "Seinajoki"]
[WhiteTeamCountry "FIN"]
[BlackTeamCountry "FIN"]

1. e4 e5 2. Nc3 Nf6 3. Nf3 Nc6 4. d4 exd4 5. Nxd4 Bb4 6. Nxc6 bxc6 7. Bd3 d5 8. exd5 cxd5 9. 0-0 0-0 10. Bg5 c6 11. Qf3 Bd6 12. h3 Rb8 13. Bxf6 Qxf6 14. Qxf6 gxf6 15. Rab1 Be5 16. Na4 Be6 17. b3 Bd6 18. Rfd1 Rfd8 19. c3 c5 20. Bc2 Rb7 21. Kf1 Rdb8 22. Be4 dxe4 23. Rxd6 Rc7 24. Rbd1 Kg7 25. c4 Rbc8 1/2-1/2

[Event "FIN-chT 1617"]
[Site "Finland"]
[Date "2016.09.18"]
[Round "2.8"]
[White "Nisula, Timo"]
[Black "Laine, Panu"]
[Result "1/2-1/2"]
[WhiteElo "1935"]
[BlackElo "2151"]
[PlyCount "53"]
[EventDate "2016.09.17"]
[EventType "team-tourn"]
[EventRounds "11"]
[EventCountry "FIN"]
[SourceTitle "CBM 174 Extra"]
[Source "ChessBase"]
[SourceDate "2016.10.10"]
[SourceVersion "1"]
[SourceVersionDate "2016.10.10"]
[SourceQuality "1"]
[WhiteTeam "Oulu OSS"]
[BlackTeam "Espoo MatSK"]
[WhiteTeamCountry "FIN"]
[BlackTeamCountry "FIN"]

1. e4 e6 2. d4 d5 3. Nd2 c5 4. exd5 Qxd5 5. Ngf3 cxd4 6. Bc4 Qd6 7. 0-0 Nf6 8. Nb3 Nc6 9. Nbxd4 Nxd4 10. Qxd4 Qxd4 11. Nxd4 Bd7 12. Be2 Bc5 13. Nb3 Bb6 14. Bf3 Rc8 15. c3 Bc6 16. Bxc6+ Rxc6 17. Re1 Nd5 18. Bd2 Ke7 19. Rad1 Rd8 20. Bc1 h6 21. Kf1 a6 22. Nd4 Rc4 23. Nf5+ Kf6 24. Ne3 Nxe3+ 25. Bxe3 Rxd1 26. Rxd1 Bxe3 27. fxe3 1/2-1/2

[Event "Heart of Finland op 26th"]
[Site "Jyvaskyla"]
[Date "2016.07.20"]
[Round "4"]
[White "Ponnio, Toni"]
[Black "Nisula, Timo"]
[Result "1/2-1/2"]
[WhiteElo "2095"]
[BlackElo "1917"]
[PlyCount "32"]
[EventDate "2016.07.18"]
[EventType "swiss"]
[EventRounds "9"]
[EventCountry "FIN"]
[SourceTitle "EXT 2022"]
[Source "ChessBase"]
[SourceDate "2021.10.06"]
[SourceVersion "1"]
[SourceVersionDate "2021.10.06"]
[SourceQuality "1"]

1. d4 Nf6 2. c4 e6 3. Nc3 Bb4 4. Qc2 0-0 5. Nf3 c5 6. dxc5 Na6 7. g3 Nxc5 8. Bg2 Nce4 9. 0-0 Nxc3 10. bxc3 Be7 11. e4 d6 12. e5 dxe5 13. Nxe5 Qc7 14. Qe2 Bd6 15. Bf4 Ne8 16. Qe4 Nf6 1/2-1/2

[Event "Naantali op"]
[Site "Naantali"]
[Date "2015.06.30"]
[Round "3"]
[White "Topi Hulmi, Teemu"]
[Black "Nisula, Timo"]
[Result "1-0"]
[WhiteElo "2241"]
[BlackElo "1934"]
[PlyCount "75"]
[EventDate "2015.06.29"]
[EventType "swiss"]
[EventRounds "9"]
[EventCountry "FIN"]
[SourceTitle "EXT 2016"]
[Source "ChessBase"]
[SourceDate "2015.10.08"]
[SourceVersion "1"]
[SourceVersionDate "2015.10.08"]
[SourceQuality "1"]

1. e4 e5 2. Nf3 Nc6 3. Bb5 a6 4. Ba4 Nf6 5. 0-0 Be7 6. Re1 b5 7. Bb3 d6 8. c3 0-0 9. h3 Bb7 10. d4 Re8 11. Nbd2 Bf8 12. Bc2 exd4 13. cxd4 Nb4 14. Bb1 c5 15. d5 a5 16. Nf1 Nd7 17. Ng3 g6 18. a3 Na6 19. Bg5 Qc7 20. Qd2 c4 21. Bh6 Nac5 22. Bc2 Ne5 23. Nd4 Ned3 24. Bxd3 Nxd3 25. Re2 Ba6 26. Bxf8 Rxf8 27. Qh6 Qe7 28. Nc6 Qc7 29. Nf5 f6 30. Nfe7+ Kf7 31. Qxh7+ Ke8 32. Qxg6+ Kd7 33. Qf5+ Ke8 34. Re3 Ne5 35. Rg3 Nxc6 36. Nxc6 Qd7 37. Rg7 Qxf5 38. Re7# 1-0

[Event "Heart of Finland op 24th"]
[Site "Jyvaskyla"]
[Date "2014.07.08"]
[Round "3"]
[White "Nisula, Timo"]
[Black "Mertanen, Janne"]
[Result "0-1"]
[WhiteElo "1941"]
[BlackElo "2288"]
[PlyCount "68"]
[EventDate "2014.07.07"]
[EventType "swiss"]
[EventRounds "9"]
[EventCountry "FIN"]
[SourceTitle "EXT 2019"]
[Source "ChessBase"]
[SourceDate "2018.10.10"]
[SourceVersion "1"]
[SourceVersionDate "2018.10.10"]
[SourceQuality "1"]

1. e4 Nf6 2. e5 Nd5 3. c4 Nb6 4. d4 d6 5. exd6 cxd6 6. Nc3 g6 7. Be3 Bg7 8. Rc1 0-0 9. Nf3 Bg4 10. b3 d5 11. c5 Nc8 12. Be2 Nc6 13. h3 Bxf3 14. Bxf3 e6 15. 0-0 N8e7 16. Ne2 Qa5 17. Bd2 Qa3 18. Bc3 b6 19. cxb6 axb6 20. g3 Rfc8 21. Bg2 Nf5 22. Ra1 b5 23. Qd2 b4 24. Bb2 Qa7 25. Rfd1 Qb6 26. Kh2 Nd6 27. f4 Ra5 28. Bf1 Rca8 29. Nc1 Nf5 30. Ne2 Rxa2 31. Rxa2 Rxa2 32. Nc1 Nfxd4 33. Bg2 Rxb2 34. Qxb2 Nf3+ 0-1

[Event "Heart of Finland op 22nd"]
[Site "Jyvaskyla"]
[Date "2012.07.09"]
[Round "1"]
[White "Nisula, Timo"]
[Black "Sassi, Pekka"]
[Result "0-1"]
[WhiteElo "1958"]
[BlackElo "2060"]
[PlyCount "80"]
[EventDate "2012.07.09"]
[EventType "swiss"]
[EventRounds "9"]
[EventCountry "FIN"]
[SourceTitle "EXT 2022"]
[Source "ChessBase"]
[SourceDate "2021.10.06"]
[SourceVersion "1"]
[SourceVersionDate "2021.10.06"]
[SourceQuality "1"]

1. e4 d5 2. exd5 Qxd5 3. Nc3 Qd6 4. d4 Nf6 5. Nf3 c6 6. Be2 Bg4 7. h3 Bxf3 8. Bxf3 e6 9. 0-0 Nbd7 10. Be3 Qc7 11. Qe2 Be7 12. Rfe1 0-0 13. a3 Nb6 14. Rad1 Nbd5 15. Nxd5 cxd5 16. Bg5 Rfc8 17. Bxf6 Bxf6 18. c3 b5 19. Qxb5 Rab8 20. Qe2 h6 21. Rb1 Rb6 22. Qd3 Qb8 23. b4 Rbc6 24. Rb3 Qc7 25. Rc1 Rc4 26. Be2 Bxd4 27. Qf3 Rc6 28. b5 Rc5 29. a4 Qa5 30. Bd1 Qxa4 31. Rbb1 Qa5 32. Ra1 Qc7 33. Ra3 Rxc3 34. Raxc3 Bxc3 35. Bc2 g6 36. Bb1 Kg7 37. h4 h5 38. g4 hxg4 39. Qxg4 Qe5 40. Qf3 d4 0-1